000 00647nam a2200241Ia 4500
003 OSt
005 20220918175129.0
006 a|||||r|||| 00| 0
007 ta
008 220917b |||||||| |||| 00| 0 eng d
024 _a15,822
037 _cTextual
040 _aARTS
_cARTS
_beng
041 _2eng
_aeng
082 _aO111:g(R3), M1
100 _aSkulsky Harold
_953015
245 0 _aMetamorphosis
_b The mind in exile
260 _aCambridge
_bHarvard Univ Press
_c1981
300 _a244p.
_ccm.
650 _aENGLISH LITERATURE
942 _hO111:g(R3), M1
_cTEXL
_2CC
999 _c156218
_d156218